Southville International School and Colleges
Your cart is empty.
  • Cart
  • Lists
    Public lists Eva Luna New books Lux_list list_1
    Your lists Log in to create your own lists
  • Log in to your account
  • Your cookies
  • Search history
Southville International School and Colleges
  • Advanced search
  • Recent comments
  • Most popular
  • Libraries

Log in to your account

Log in with GOOGLE


If you do not have an external account, but do have a local account, you can still log in:

  1. Home
  2. MARC view: The richest man in Babylon /
Normal view MARC view ISBD view

The richest man in Babylon / (Record no. 102845)

[ view plain ]
MARC details
000 -LEADER
fixed length control field 00460nam a2200169 a 4500
005 - DATE AND TIME OF LATEST TRANSACTION
control field 20140412111244.0
008 - FIXED-LENGTH DATA ELEMENTS--GENERAL INFORMATION
fixed length control field 010809s19uu xx 00 eng d
020 ## - INTERNATIONAL STANDARD BOOK NUMBER
International Standard Book Number 0-951-16520-9
050 ## - LIBRARY OF CONGRESS CALL NUMBER
Classification number M 158.1
Item number C567 2000
100 ## - MAIN ENTRY--PERSONAL NAME
Personal name Clason, George S.
245 ## - TITLE STATEMENT
Title The richest man in Babylon /
Statement of responsibility, etc by George S. Clason.
260 ## - PUBLICATION, DISTRIBUTION, ETC. (IMPRINT)
Place of publication, distribution, etc England :
Name of publisher, distributor, etc [s.n.],
Date of publication, distribution, etc 2000.
300 ## - PHYSICAL DESCRIPTION
Extent 1v. (unp.) ; ill.
650 ## - SUBJECT ADDED ENTRY--TOPICAL TERM
Topical term or geographic name as entry element Positive thinking
650 ## - SUBJECT ADDED ENTRY--TOPICAL TERM
Topical term or geographic name as entry element Wealth
Holdings
Withdrawn status Lost status Damaged status Use restrictions Home library Current library Shelving location Date acquired Source of acquisition Total Checkouts Full call number Barcode Date last seen Price effective from Koha item type
        Elizalde Library Elizalde Library Main Section 08/09/2001     M 158.1 C567 2000 E2991 04/12/2014 04/12/2014 Books

The richest man in Babylon /

APA

Clason G. S., . (2000). The richest man in Babylon. England: [s.n.].

Chicago

Clason George S, . 2000. The richest man in Babylon. England: [s.n.].

Harvard

Clason G. S., . (2000). The richest man in Babylon. England: [s.n.].

MLA

Clason George S, . The richest man in Babylon. England: [s.n.]. 2000.

  • Place hold
  • Print
  • Cite
  • Add to your cart (remove)
  • Save record
    BIBTEX Dublin Core MARCXML MARC (non-Unicode/MARC-8) MARC (Unicode/UTF-8) MARC (Unicode/UTF-8, Standard) MODS (XML) RIS
  • More searches
    Search for this title in:
    Other Libraries (WorldCat) Other Databases (Google Scholar) Online Stores (Bookfinder.com) Open Library (openlibrary.org)

Exporting to Dublin Core...

SOUTHVILLE LIBRARY

Southville International School and Colleges Library

1281 Tropical Ave. Cor. Luxembourg St., BF Homes International, Las Pinas City

Tel. No. 8256374 / 252358 Loc. 117/146

Powered by Koha